000 00839nam a22002417a 4500
003 OSt
005 20260112083103.0
008 260112b |||||||| |||| 00| 0 eng d
020 _a0-8160-3032-4.
040 _aDWCL-Main lib.
_cOC
082 _aCirc. 324.023'73 Z48w 1995
100 _aZepatos, Thalia
245 _aWomen for a change:
_b a grassroots guide to activism and politics/
_cThalia Zepatos
260 _aNew York:
_bFacts on File, Inc.,
_cc1995.
300 _avi, 278 p. ;
_c23 cm.
504 _aIncludes bibliographical references and index.
650 _a1. Political Participation - U.S.
650 _a2. Politics, Practical - U.S.
650 _a3. Women in Politics - U.S.
650 _a4. Women Political Activists - Training of - U.S.
700 _aKaufman, Elizabeth
942 _2ddc
_cBK-CIRC
_hCirc.
_n0
999 _c7305
_d7305